• 首页
  • 本馆介绍
  • 公告通知
  • 最新文献
  • 馆藏检索
  • 电子资源
  • 读者导购
  • 参考咨询
  • 我的图书馆
  • 登录
  • 详细信息显示
  • 放入我的书架
  • 预约/预借图书
  • 作者相关作品
  • 分类相关作品
  • 丛书相关作品
  • 出版社相关作品

书目信息

  • 表格格式
  • 工作单格式
  • 卡片格式
题名:
列子御风
    
 
作者: 王德有 著
分册:  
出版信息: 北京   社会科学文献出版社  1999
页数: 398页
开本: 20cm
丛书名: 老庄列玄浅说书系
单 册:
中图分类: B223.25 , B223.2
科图分类:
主题词: 道家--研究 , 道家 , 先秦哲学
电子资源:
ISBN: 7-80149-093-2
000 00774nam2 2200301 450
001 1140896427
005 20110928112419.40
010    @a7-80149-093-2@dCNY19.80
100    @a20021005d1999 em y0chiy0110 ea
101 0  @achi
102    @aCN@b110000
105    @af z 000yy
106    @ar
200 1  @a列子御风@Alie zi yu feng@f王德有著
210    @a北京@c社会科学文献出版社@d1999
215    @a398页@c插图@d20cm
225 2  @a老庄列玄浅说书系
410  0 @12001 @a老庄列玄浅说书系
605    @a列子
605    @a列子@x研究
606 0  @a道家@x研究
606 0  @a道家
606 0  @a先秦哲学
690    @aB223.25@v3
690    @aB223.2@v4
701  0 @a王德有@Awang de you@4著
801  0 @aCN@bNLC@c19990513
905    @a10447@dB223.2@eJY67
    
    列子御风/王德有著 .-北京:社会科学文献出版社,1999
    398页:插图;20cm .-(老庄列玄浅说书系 )
    
    
    ISBN 7-80149-093-2:CNY19.80
    
●
相关链接 在E读中查询图书 在五车中查询图书 在当当中查询图书 在豆瓣中查询图书


正题名:列子御风     索取号:B223.2/JY67         预约/预借

序号 登录号 条形码 馆藏地/架位号 状态 备注
1 7824479   278244794   学院路分馆/ [索取号:B223.2/JY67] 在馆    
2 7824480   278244801   学院路分馆/ [索取号:B223.2/JY67] 在馆    
3 7824481   278244810   学院路分馆/ [索取号:B223.2/JY67] 在馆    
4 7824482   278244829   学院路分馆/ [索取号:B223.2/JY67] 在馆    
唐山师范学院图书馆 欢迎您!
大连网信软件有限公司© 版权所有